Bezirke von Kärnten mit Karte - Statistiken

Allgemein
  • Dieses Quiz wurde 39 mal gespielt
  • Das Durchschnittsergebnis liegt bei 8 aus 10
Antworten auf der Karte
Die Antworten werden auf der Karte rot bzw. grün angezeigt, abhängig davon wie oft sie richtig erraten wurden.
 
Antwortstatistiken
Bezirk % Korrekt
Klagenfurt
100%
Klagenfurt-Land
100%
Villach
96%
Villach-Land
96%
Hermagor
80%
Spittal an der Drau
80%
Wolfsberg
80%
Sankt Veit an der Glan
76%
Feldkirchen
72%
Völkermarkt
64%
Keine übereinstimmenden Quizze gefunden
Verteilung der Resultate
Anzahl Personen mit jedem Resultat
Perzentil nach korrekt beantworteten Fragen
Ihre Resultats-Entwicklung
Sie haben dieses Quiz noch nicht gespielt